Código Civil y Comercial comentado : Tratado exegético, Arts. 1378 a 1707. Tomo VII /

Guardado en:
Autores Principales: Aicega, María Valentina, (Autor), Gómez Leo, Osvaldo R., (Autor), Leiva Fernández, Luis F. P., (Autor), Cossari, Nelsón G. A., (Autor)
Otros Autores: Alterini, Ignacio E., (coord.)
Formato: Libro
Idioma:Spanish
Publicado: Buenos Aires : La Ley, 2015
Edición:1a. ed.
Materias:
Etiquetas: Agregar Etiqueta
Sin Etiquetas, Sea el primero en etiquetar este registro!
LEADER 01016nam a22002415a 4500
001 DER.der013067
008 180615s2015####ag#||||||||||||||#||spa||
005 20231113085512.0
245 1 0 |a Código Civil y Comercial comentado :  |b Tratado exegético,  |c Argentina.  |p Arts. 1378 a 1707.  |n Tomo VII / 
250 |a 1a. ed. 
260 |a Buenos Aires :  |b La Ley,  |c 2015 
300 |a 1122 p. 
500 |a Arts. 1378 a 1524 - 1666 a 1700 María Valentina Aicega, Osvaldo R. Gómez Leo. Arts. 1525 a 1665 Luis F. P. Leiva. Arts. 1701 a 1707 (Remisión al Tomo IX) Nelsón Cossari. Contratos en particular. 
020 |a 978-987-03-2919-0 
700 1 |a Alterini, Jorge Horacio,  |e dir. 
240 1 0 |a Código 
700 1 |a Alterini, Ignacio E.,  |e coord. 
700 1 |a Aicega, María Valentina,  |e aut. 
700 1 |a Gómez Leo, Osvaldo R.,  |e aut. 
700 1 |a Leiva Fernández, Luis F. P.,  |e aut. 
700 1 |a Cossari, Nelsón G. A.,  |e aut. 
650 7 |a CODIGO CIVIL Y COMERCIAL 
859 |a DERECHO  |b BIB. DERECHO  |h 348.023  |i ARG  |p 007969  |3 Tomo VII